| 000 | 00953nam a2200241 a 4500 | ||
|---|---|---|---|
| 005 | 20230422063511.0 | ||
| 008 | 181116s2017 mx r 000 0 spa d | ||
| 020 | _a9786079061401 (UABJO) | ||
| 020 | _a9786077114468 (Juan Pablos) | ||
| 035 | _aUPN01000227925 | ||
| 049 | _aCG | ||
| 050 | 4 |
_aF1221 M7 _bC8.2 |
|
| 100 | 1 |
_aCuriel, Charlynne _942370 |
|
| 245 | 1 | 0 |
_aDe la comunidad corporada a la comunidad fragmentada : _bproyectos comunitarios en disputa / _cCharlynne Curiel, Jorge Hernández-Díaz. |
| 260 |
_aMéxico : _bUniversidad Autónoma Benito Juárez de Oaxaca : _bJuan Pablos, _c2017. |
||
| 300 |
_a254 p. : _bgráfs., tablas |
||
| 650 | 2 |
_aMixtecos _vSan Miguel Tlacotepec, Oaxaca _xCondiciones sociales _927249 |
|
| 650 | 2 |
_aMixtecos _xVida social y costumbres _98577 |
|
| 650 | 2 |
_aMixtecos _zValle de Oaxaca _xCondiciones sociales _99034 |
|
| 700 | 1 |
_aHernández Díaz, Jorge, _d1954- _ecoaut. _939381 |
|
| 905 | _aLibro | ||
| 999 |
_c200020 _d200020 |
||